Airliners of Lufthansa - Statistics

General Stats
  • This quiz has been taken 251 times
  • The average score is 11 of 15
Answer Stats
Answer % Correct
Airbus A380-800
97%
Airbus A320-200
94%
Airbus A320-200Neo
94%
Airbus A350-900
90%
Airbus A340-300
89%
Airbus A340-600
89%
Airbus A330-300
87%
Airbus A321-200
81%
Airbus A321-200NEO
81%
Airbus A319-100
80%
Boeing 747-8i
64%
Boeing 747-400
57%
Boeing 787-9
49%
Embraer E190LR
35%
Bombardier CRJ900
34%
No matching quizzes found
Score Distribution
Percent of People with Each Score
Percentile by Number Answered
Your Score History
You have not taken this quiz